|
|
|
|
| LEADER |
00000cam a22000004a 4500 |
| 001 |
musev2_64004 |
| 003 |
MdBmJHUP |
| 005 |
20230905050605.0 |
| 006 |
m o d |
| 007 |
cr||||||||nn|n |
| 008 |
190301s2019 wiu o 00 0 eng d |
| 020 |
|
|
|a 9780299320232
|
| 020 |
|
|
|z 9780299320201
|
| 035 |
|
|
|a (OCoLC)1088892383
|
| 040 |
|
|
|a MdBmJHUP
|c MdBmJHUP
|
| 100 |
1 |
|
|a Schrag, Peter,
|e author.
|
| 245 |
1 |
4 |
|a The World of Aufbau :
|b Hitler's Refugees in America /
|c Peter Schrag.
|
| 264 |
|
1 |
|a Madison, Wisconsin :
|b University of Wisconsin Press,
|c [2019]
|
| 264 |
|
3 |
|a Baltimore, Md. :
|b Project MUSE,
|c 2019
|
| 264 |
|
4 |
|c ©[2019]
|
| 300 |
|
|
|a 1 online resource (278 pages).
|
| 336 |
|
|
|a text
|b txt
|2 rdacontent
|
| 337 |
|
|
|a computer
|b c
|2 rdamedia
|
| 338 |
|
|
|a online resource
|b cr
|2 rdacarrier
|
| 505 |
0 |
|
|a A community of fate -- A generation with double vision, 1933-1941 -- Friendly enemy aliens, 1941-1945 -- In the shadow of the Holocaust, 1945-1965 -- Legacy.
|
| 588 |
|
|
|a Description based on print version record.
|
| 630 |
0 |
7 |
|a Aufbau (New York, N.Y.)
|2 fast
|0 (OCoLC)fst01377016
|
| 630 |
0 |
0 |
|a Aufbau (New York, N.Y.)
|
| 650 |
|
7 |
|a Jews, German.
|2 fast
|0 (OCoLC)fst00983458
|
| 650 |
|
7 |
|a Jewish refugees.
|2 fast
|0 (OCoLC)fst01730523
|
| 650 |
|
7 |
|a Jewish newspapers.
|2 fast
|0 (OCoLC)fst00982872
|
| 650 |
|
7 |
|a German American newspapers.
|2 fast
|0 (OCoLC)fst00941297
|
| 650 |
|
7 |
|a HISTORY
|x General.
|2 bisacsh
|
| 650 |
|
7 |
|a LANGUAGE ARTS & DISCIPLINES
|x Journalism.
|2 bisacsh
|
| 650 |
|
6 |
|a Refugies juifs
|z États-Unis
|x Histoire.
|
| 650 |
|
6 |
|a Juifs allemands
|z États-Unis
|x Histoire.
|
| 650 |
|
6 |
|a Journaux americains (allemands)
|z New York (État)
|z New York.
|
| 650 |
|
6 |
|a Journaux juifs
|z New York (État)
|z New York.
|
| 650 |
|
0 |
|a Jewish refugees
|z United States
|x History.
|
| 650 |
|
0 |
|a Jews, German
|z United States
|x History.
|
| 650 |
|
0 |
|a German American newspapers
|z New York (State)
|z New York.
|
| 650 |
|
0 |
|a Jewish newspapers
|z New York (State)
|z New York.
|
| 651 |
|
7 |
|a United States.
|2 fast
|0 (OCoLC)fst01204155
|
| 651 |
|
7 |
|a New York (State)
|z New York.
|2 fast
|0 (OCoLC)fst01204333
|
| 655 |
|
7 |
|a History.
|2 fast
|0 (OCoLC)fst01411628
|
| 655 |
|
7 |
|a Electronic books.
|2 local
|
| 710 |
2 |
|
|a Project Muse.
|e distributor
|
| 830 |
|
0 |
|a Book collections on Project MUSE.
|
| 856 |
4 |
0 |
|z Texto completo
|u https://projectmuse.uam.elogim.com/book/64004/
|
| 945 |
|
|
|a Project MUSE - Custom Collection
|
| 945 |
|
|
|a Project MUSE - 2019 Jewish Studies
|
| 945 |
|
|
|a Project MUSE - 2019 Complete
|
| 945 |
|
|
|a Project MUSE - 2019 US Regional Studies, New England and Mid Atlantic
|